Saved by grace..for service! (Record no. 5841)

000 -LEADER
fixed length control field 00641nam a2200205 a 4500
001 - CONTROL NUMBER
control field :::00003583$&:&@@
003 - CONTROL NUMBER IDENTIFIER
control field OkBaRHE
005 - DATE AND TIME OF LATEST TRANSACTION
control field 20000607103308.0
008 - FIXED-LENGTH DATA ELEMENTS--GENERAL INFORMATION
fixed length control field s1979 j 000 0 eng u
040 ## - CATALOGING SOURCE
Transcribing agency
100 1# - MAIN ENTRY--PERSONAL NAME
Personal name Sumner, Robert L.
245 10 - TITLE STATEMENT
Title Saved by grace..for service!
260 ## - PUBLICATION, DISTRIBUTION, ETC. (IMPRINT)
Place of publication, distribution, etc Murfreesboro, TN., :
Name of publisher, distributor, etc Sword of the Lord Publishers
Date of publication, distribution, etc c1979
300 ## - PHYSICAL DESCRIPTION
Extent 333 p. ;
Dimensions 20 cm.
650 ## - SUBJECT ADDED ENTRY--TOPICAL TERM
Topical term or geographic name as entry element Baptists
General subdivision Sermons
650 ## - SUBJECT ADDED ENTRY--TOPICAL TERM
Topical term or geographic name as entry element Bible New Testament Ephesians
General subdivision Sermons
650 ## - SUBJECT ADDED ENTRY--TOPICAL TERM
Topical term or geographic name as entry element Sermons, Evangelistic
942 ## - ADDED ENTRY ELEMENTS (KOHA)
Source of classification or shelving scheme
Koha item type Books
Copies
Full call number Date last seen Shelving location Source of classification or shelving scheme Price effective from Barcode Permanent Location Koha item type Lost status Not for loan Date acquired Copy number Damaged status Withdrawn status
BS 2695 .S92018-04-03General Stacks 2010-04-143583RHEMA Bible Training CollegeBooks  2010-04-141